India says no to nationalisation. (Record no. 212728)
[ view plain ]
| 000 -LEADER | |
|---|---|
| fixed length control field | 00402nam a2200157Ia 4500 |
| 008 - FIXED-LENGTH DATA ELEMENTS--GENERAL INFORMATION | |
| fixed length control field | 210719s1977 xx 000 0 und d |
| 041 ## - LANGUAGE CODE | |
| Language code of text/sound track or separate title | eng |
| 082 ## - DEWEY DECIMAL CLASSIFICATION NUMBER | |
| Classification number | 338.924 LALI |
| 100 ## - MAIN ENTRY--PERSONAL NAME | |
| Personal name | LALA (R M) |
| 245 ## - TITLE STATEMENT | |
| Title | India says no to nationalisation. |
| 260 ## - PUBLICATION, DISTRIBUTION, ETC. | |
| Place of publication, distribution, etc. | Bombay |
| Name of publisher, distributor, etc. | The Rajaji Foundation |
| Date of publication, distribution, etc. | 1977 |
| 300 ## - PHYSICAL DESCRIPTION | |
| Extent | 50 |
| Other physical details | PB |
| 365 ## - TRADE PRICE | |
| Price amount | 3 |
| Currency code | Rs |
| 650 ## - SUBJECT ADDED ENTRY--TOPICAL TERM | |
| Topical term or geographic name entry element | Economic Development |
| 906 ## - LOCAL DATA ELEMENT F, LDF (RLIN) | |
| a | Nationalisation |
| Withdrawn status | Lost status | Damaged status | Not for loan | Collection code | Home library | Current library | Date acquired | Cost, normal purchase price | Total Checkouts | Full call number | Barcode | Date last seen | Price effective from | Koha item type |
|---|---|---|---|---|---|---|---|---|---|---|---|---|---|---|
| St Aloysius Library | St Aloysius Library | 05/09/1996 | 3.00 | 338.924 LALI | D00828 | 07/19/2021 | 07/19/2021 | Donated Books |